[Event "Canadian op"]
[Site "Edmonton"]
[Date "2009.07.15"]
[Round "5"]
[White "Adams, Michael"]
[Black "Bradford, Joseph M"]
[Result "1-0"]
[WhiteElo "2699"]
[BlackElo "2409"]
[Annotator "Shabalov,A"]
[PlyCount "71"]
[EventDate "2009.07.11"]
[EventType "swiss"]
[EventRounds "9"]
[EventCountry "CAN"]
[SourceTitle "CBM 132 Extra"]
[Source "ChessBase"]
[SourceDate "2009.11.03"]
[SourceVersion "1"]
[SourceVersionDate "2009.11.03"]
[SourceQuality "1"]

1. e4 e6 2. d4 d5 3. Nd2 Nf6 4. e5 Nfd7 5. Ngf3 c5 6. c3 Nc6 7. Bd3 Be7 8. O-O
a5 9. a4 ({An alternative} 9. Re1 {allows} g5 {among others.}) 9... cxd4 10.
cxd4 Nb4 11. Bb5 O-O 12. Nb1 Nb6 13. Nc3 Bd7 14. b3 Rc8 15. Bd2 Rc7 16. Qe2 Qa8
17. Rfc1 Rfc8 18. h4 Bxb5 19. axb5 Nd7 20. g3 h6 {It is hard to tell why this
position attracts Michael so much,but he scores here consistently.} (20... Qa7
21. Kg2 Nf8 22. Qf1 Nd7 23. Na4 b6 24. Rxc7 Rxc7 25. Rc1 Qb7 26. Kh2 Qc8 27.
Rxc7 Qxc7 28. Nc3 Qc8 29. Qe2 Qc7 30. Ne1 Nf8 31. Kg2 Nd7 32. Kf1 Nf8 33. Na4
Nd7 34. Bc3 Kf8 35. Ng2 Ke8 36. Nf4 g6 37. Ke1 Kd8 38. Kd1 Kc8 39. Nh3 h6 40.
h5 g5 41. Ng1 Kb7 42. Nf3 Qc8 43. g4 Ka7 44. Ne1 Kb7 45. f3 Nf8 46. Nd3 Nxd3
47. Qxd3 f5 48. exf6 Bxf6 49. Be1 Qc7 50. Nc3 Be7 51. Ne2 Bd6 52. Bd2 Qf7 53.
Ke1 Nd7 54. Kf2 Nf6 55. Kg2 Bc7 56. Be1 Kc8 57. b4 axb4 58. Bxb4 Qd7 59. Bf8
Qd8 60. Bxh6 Qd6 61. Kf1 e5 62. Qf5+ Nd7 63. Bg7 e4 64. fxe4 dxe4 65. h6 Qe7
66. Qg6 Nf8 67. Bxf8 Qxf8+ 68. Qf5+ {1-0 Adams,M (2703)-Caruana, F (2649)/
Zafra ESP 1-0 Adams,M (2703)-Caruana, F (2649)/Zafra ESP}) 21. Kh2 b6 22. Ne1
Nf8 23. Na4 Nd7 24. Bc3 Qb8 {Black is safely better here. Somehow in the
process of regrouping he loses control over the c-file.} 25. Ng2 Nf8 26. Ne3
Kh8 27. Qd2 Qb7 28. Re1 Rb8 29. Rac1 Qc8 30. Qe2 Qd7 31. Bd2 Rxc1 32. Rxc1 {
According to engines,the main feature of the position still is the weak pawn
on b5. Therefore black is slightly better. However he overreacts to his
temporary lack of space and prospects of white kingside storm and lets his
time expire(?)} Qd8 33. Kg2 Nd7 34. Bxb4 Bxb4 35. Rc6 Kg8 36. f4 1-0

[Event "Goodricke op 10th"]
[Site "Kolkata"]
[Date "1999.02.16"]
[Round "11"]
[White "Ulybin, Mikhail"]
[Black "Shulman, Yuri"]
[Result "1/2-1/2"]
[WhiteElo "2552"]
[BlackElo "2523"]
[Annotator "Shulman/Kapengut"]
[PlyCount "124"]
[EventDate "1999.02.06"]
[EventType "swiss"]
[EventRounds "11"]
[EventCountry "IND"]
[SourceTitle "EXT 2000"]
[Source "ChessBase"]
[SourceDate "1999.11.16"]
[SourceVersion "1"]
[SourceVersionDate "1999.11.16"]
[SourceQuality "1"]

1. e4 e6 2. d4 d5 3. Nd2 Be7 4. Ngf3 Nf6 5. Bd3 c5 6. e5 Nfd7 7. c3 Nc6 8. O-O
a5 9. Re1 a4 {Black is trying still to hide his plans, but after 10.Nf1, he
has no to wide choice, because 10...cd looks natural. So, perhaps usual 9...cd
more exact, because black could avoid the line, that happened in the game.} (
9... c4) 10. dxc5 {[%mdl 4] This is intersting idea in the Nimzovitch's style.
White changes strong central pawns with idea to occupy main central squares d4
and e5 with their pieces.} Nxc5 11. Bc2 f6 12. exf6 (12. Nf1 f5 $6 (12... O-O
$5) 13. Nd4 O-O 14. Be3 Bd7 $2 15. Nxf5 $1 $18 Rxf5 16. Bxf5 Qb6 17. Re2 Qc7
18. Kh1 Rf8 19. Ng3 g6 20. Bc2 Nxe5 21. Bd4 Ng4 22. h3 Nh6 23. Be5 Qd8 24. b4
axb3 25. axb3 Nf7 26. Bd4 $18 {Wells,P-Paehtz,T/Bad Woerishofen op 1995}) 12...
Bxf6 13. Nf1 O-O (13... a3 14. b4 Ne4 (14... Bxc3 15. Bg5) 15. Bxe4 dxe4 16.
Qxd8+ Kxd8 17. Rxe4 Bxc3 18. Bg5+ $16) 14. Ne3 (14. Be3 $1 {[%csl Ra4] looks
better, but anyway black has enough counterplay:} Ne4 $5 (14... b6 15. Bxc5
bxc5 16. Bxa4 Qb6 17. Qb3 Qc7 18. Ne3 Bd7 19. Ng4 Nd4 20. cxd4 $16) (14... Qd6
15. Bxc5 Qxc5 16. Bxa4 e5 17. Ne3 {[%csl Rd5]} Be6 18. b4 Qxc3 19. Nxd5 Bxd5
20. Qxd5+ Kh8 21. Rac1 Qxb4 22. Bxc6 bxc6 23. Rxc6 Rfd8 $44) 15. a3 (15. Bxa4
$140 $2 Bxc3 $1) (15. Bxe4 dxe4 16. Nd4 Ne5 $132) 15... Qa5 16. Nd4 (16. Ng3
Nxg3 17. hxg3 e5 $132) 16... Nxd4 (16... e5 17. Nxc6 bxc6 18. Bxe4 dxe4 19. Ng3
$16 {[%csl Ra4,Rc6,Re4,Re5]}) (16... Nd6 17. Qh5 g6 18. Bxg6 hxg6 19. Qxg6+ Bg7
20. Nxe6 $40) 17. Bxd4 {[%cal Gb1h7,Gd4g7]} e5 (17... Bxd4 18. cxd4 Nxf2 19.
Qh5) 18. Bb6 $5 {[%csl Rd5]} Qb5 19. c4 $5 dxc4 20. Rxe4 Qxb6 21. Ne3 $44)
14... a3 $132 {[%csl Ra2,Rb2,Rc3]} ({Also after} 14... d4 {black has
interesting chances, but it is unnecessary to crush his own center} 15. cxd4
Nxd4 16. Nxd4 Bxd4 $132 {[%csl Ra4,Re6,Rf2]}) 15. Ng4 axb2 16. Bxb2 Bd7 17. Re2
{[%csl Ra2,Rf2][%cal Gb1h7]} Kh8 ({I could easily decide problems with "b1-h7"
diagonal by the} 17... g6 $5 18. Nxf6+ Qxf6 19. a4 b6 20. Qb1 Qf4 $132 {
[%csl Ra4,Rf2]}) 18. a4 b6 19. Nd4 {[%cal Ge2e3,Ge3h3,Gh3h7,Gc2h7]} Na5 20. Re3
$6 ({White overestimated his position, after} 20. Ba3 {he could still keep
equal chances, for instance:} Qe7 21. Nf5 (21. Bxc5 bxc5 22. Qd3 g6 23. Nxf6
Qxf6 $1 24. Nf3 Nc4 $36 {[%csl Ra4,Rc3,Rf2]}) 21... Qf7 22. Nd6 Qe7 (22... Qh5
$6 23. Re3 $40 {[%cal Ge3h3]}) 23. Nf5 $11) 20... Nc4 21. Rh3 {[%mdl 64]} Ne4
$6 (21... Nxb2 $1 {was winning, but I miscalculated white's 25.Nc6!, connected
with 28.Rh4, in the game, and I thought that black's position also winning
after 21.Ne4} 22. Qc1 (22. Rxh7+ Kg8 23. Nh6+ (23. Qf3 Rxa4 $1 {[%csl Ra1,Rh7]}
) 23... gxh6 24. Qg4+ (24. Qh5 Be8 25. Qxh6 Nbd3 $19) 24... Bg5 25. Rxh6 Rf7
$19) 22... Nbd3 23. Bxd3 Nxd3 (23... e5 $140 $2 24. Rxh7+ Kg8 25. Qh6 $3 Nxd3
$140 26. Qh5 $1 $18) 24. Rxd3 e5 25. Nxf6 Qxf6 26. Nf3 e4 27. Rxd5 Bc6 $19) 22.
Bxe4 dxe4 23. Qe2 e5 (23... Nxb2 {gave only draw:} 24. Qxe4 g6 25. Qxg6 Qe7 26.
Nxf6 Rxf6 27. Rxh7+ Qxh7 28. Qxf6+ Qg7 29. Qh4+ $44 Kg8 (29... Qh7 $11) 30. h3
Rxa4 (30... Nxa4 31. Re1 Nxc3 $140 $2 32. Re3 $18) 31. Qd8+ Kh7 32. Qh4+ Kg8
$11 (32... Kg6 $6 33. Re1 $40)) 24. Qxe4 Bh4 $5 (24... h6 {hasn't left any
chances for fighting:} 25. Nc6 Bxc6 26. Qxc4 Rxa4 27. Rxa4 Qd1+ 28. Qf1 Bxa4 (
28... Qxa4 29. c4 $5) 29. Qxd1 Bxd1 30. Nxf6 Rxf6 31. Rd3 $11) 25. Nc6 $1 Qg5 (
25... Bxc6 26. Qxc4 Rxa4 27. Rxa4 b5 $1 28. Qe2 bxa4 $36) 26. Ncxe5 Nxe5 $6 (
26... Bxg4 27. Nf7+ Rxf7 28. Rxh4 $1 (28. Qxa8+ $140 Qd8) 28... Qf5 $3 {
[%csl Rf2] (this fantastic move I didn't see during the game, it's pity that
it's give just equal position.)} 29. Qxa8+ Rf8 30. Qxf8+ Qxf8 31. Rxg4 Nxb2 32.
Rd4 $1 {[%csl Rb2]} g6 33. a5 $11 (33. Ra2 $2 Qh6 {[%cal Gh6c1]})) 27. Nxe5
Bxf2+ 28. Kh1 Qf5 29. Ng6+ $1 Qxg6 30. Qxg6 Bxh3 31. Qg5 Be6 $16 32. c4 Ra7 33.
Rd1 $6 {Finally, after all complications White got winning position, but time
trouble spoilt all them efforts} (33. h4 $1 {[%cal Gh4h5,Gh5h6,Gb2g7]} Bc5 34.
a5 $16) 33... Bxc4 34. Rd8 Rxd8 35. Qxd8+ Bg8 36. Qe8 Bc5 37. h3 $138 Re7 38.
Qb8 Re6 $138 (38... Re1+ {gave easy draw, but mutual time trouble "make job"
for both sides.} 39. Kh2 Bg1+ 40. Kg3 Re3+ 41. Kg4 Re2 $11 {[%csl Rb2,Rg2]} (
41... Re4+ 42. Kf5 Rxa4 $140 $2 43. Bxg7+ $1 {[%csl Ra4]} Kxg7 44. Qe5+ Kf8 45.
Qd6+ $1 $18)) 39. Bc3 Re7 40. h4 Rd7 41. g3 h6 {Nevertheless position
equalised after time trouble, but it looks better for white on first sight} 42.
Qe5 (42. Qf4 {[%cal Gf4h6]} Rd1+ (42... Bd5+ 43. Kh2 Rf7 44. Qxh6+ Kg8 $132 {
[%csl Rh2]}) 43. Kh2 Bg1+ 44. Kg2 Bd5+ 45. Kh3 Be6+ 46. g4 Rd3+ 47. Kg2 Rxc3
48. Kxg1 Rc4 $11 {[%csl Ra4,Rg4]}) 42... Re7 43. Qh5 Kh7 $11 44. Qf5+ Kh8 45.
Qh5 Kh7 46. Qf5+ Kh8 47. a5 Be6 48. Qe5 (48. Qf8+ Kh7) 48... Bc4 49. Qh5 Kg8
50. axb6 Bxb6 51. Bxg7 Re1+ (51... Rxg7 $2 {[%csl Rc4]} 52. Qe8+ Kh7 53. Qe4+)
52. Kh2 Re2+ 53. Qxe2 {White sucrifice the queen, escaping any troubles in
"zeitnot", but after 53.Kh1 black has nothing more then perpetual: 53...Re1}
Bxe2 54. Bxh6 Kh7 55. Bf4 Kg6 56. Kg2 Kf5 57. Bg5 Bg4 58. Bf4 Ke4 59. Bg5 Kd3
60. Bf4 Ke2 61. Be5 Bd8 62. Bf4 Bf6 1/2-1/2

[Event "EU-ch 19th"]
[Site "Batumi"]
[Date "2018.03.27"]
[Round "10"]
[White "Sutovsky, Emil"]
[Black "Repka, Christopher"]
[Result "1-0"]
[WhiteElo "2659"]
[BlackElo "2524"]
[Annotator "Sutovsky,E"]
[PlyCount "51"]
[EventDate "2018.03.17"]
[EventType "swiss"]
[EventRounds "11"]
[EventCountry "GEO"]
[SourceTitle "CBM 184"]
[Source "ChessBase"]
[SourceDate "2018.05.16"]
[SourceVersion "1"]
[SourceVersionDate "2018.05.16"]
[SourceQuality "1"]

{For this edition of CBM I decided to comment on two games that has something
in common - they both look like smooth convincing victories, but in fact they
were not! Elsewhere you will find annotated my game with GM Haba, but we will
start with the present encounter that seemed like sailing in a flat calm...} 1.
e4 e6 2. d4 d5 3. Nd2 {From time to time I use this move as an alternative to
3.Nc3 - I am not sure if I can regard it as a surprisie weapon, but on the
other hand I know quite a bit about this line - and even if my opponent had
been preparing for it, I'd be able to fight for the opening advantage.} Nf6 {
THis used to be the main line for Black throughout three quarters of the 20th
century, but after Korchnoi successfully employed 3...c5 in a dozen games
versus Karpov (without losing a single one!), the trend was reversed. Still, 3.
..Nf6 is rather popular, and I'd say it is a bit more in the spirit of the
opening - to provoke e4-e5 and then to attack the centre. One may argue though,
that opening preferences in the modern chess are not about spirit and taste,
but rather objective evaluation. Hard to disagree, and in this regards 3...c5
is doing a bit better.} 4. e5 Nfd7 5. c3 c5 6. Bd3 Nc6 7. Ngf3 {When twenty
kilos ago Mark Tseitlin taught me to play this system - it was hardly a system,
but rather a cunning little line. For years White played 7.Ne2, but then the
alternative knight sortie became more and more popular - and today I'd regard
it as the main move in the position.} g5 {A very ambitious try. Black has
several options here - none of them is too bad, but i'm not sure if any of
them guarantees an equal game.} 8. h3 h5 {Insisting. But I was ready for the
line and knew how to deal with this seemingly dangerous pawn avalanche.} 9. Be2
$1 {A very typical manoeuvre for this entire system. White often needs to play
Nd2-b3, and prepares it by removing the bishop from the possible fork. Why not
place the bishop on e2 at once then? Well, it is possible, but Black has other
options besides g5-h5, and in many cases the bishop would have been better
placed on d3. Hence we are not worried about losing a tempo, if Black used
this tempo for playing g7-g5 and h7-h5.} Rg8 10. Nb3 $1 (10. g4 {looks natural
here, but after} Rh8 {it is not that clear. The move in the text is much more
principled.}) 10... Be7 $2 {Played after long consideration.} ({Of course} 
10... g4 {is the only critical move in this position and Black had to play it,
even if Christopher knew I had something prepared here. And I had. I'm not
sure I'll ever get a chance to play it, but maybe my future students will.
Stay tuned!}) 11. Nh2 $1 {Killing Black's counterplay completely, and getting
ready for an assault on the kingside.} h4 12. Ng4 b6 13. O-O c4 {What else?
White was ready to play f2-f4 and to finish the game within a few moves.} 14.
Nd2 Qc7 {White is already winning. I could go for the g-pawn (15.Nf3), or
explode the queenside (15.b3), but after calculating the lines I opted for the
most direct way. Some things never change, you know.} 15. f4 gxf4 16. Nh6 {
The simple 16.Rxf4 was good enough, but I followed the line calculated till
the winning position.} Rg6 17. Nxf7 Kxf7 18. Bh5 Ncxe5 19. dxe5 Nxe5 {This
came as a little surprise. I thought White was winning easily after this
capture,} ({considering} 19... Qxe5 {as the main move, and here} 20. Nxc4 $1
dxc4 21. Bxf4 {with decisive threats was prepared. And after he took on e5
with the knight I was in this over-relaxed mood...}) 20. Nf3 $2 {NEVER - you
hear me? NEVER let your brain believe the game is over before it is over. I
know you heard this advice 100500 times. But gosh, it is SO important. Of
course, White is clearly winning, why bother calculating? The natural move in
the game is a huge mistake.} ({White is easily winning with the same} 20. Nxc4
$1 dxc4 21. Bxf4 Kg7 22. Qe2 $1 Rg5 23. Rae1 {and it is over. Not too
difficult a line, and I would have found it, if only I had been looking for
the best way to play. But I "knew" the game was over and allowed Black to
recover.}) (20. Nb3 {also wins easily, but I wouldn't blame myself for not
playing this one!}) 20... Nd3 {Natural but losing.} ({Instead he could get
back into the game with} 20... Nxf3+ 21. Qxf3 {taking with the rook doesn't
change much} e5 $1 {and I can't grab two rooks at one go. The position is
complicated, and engines give it as 0.00 - but it is beyond our scope to
analyse it. Let's rather try to understand why Christopher didn't find this
not very complex line? All the same. He also "knew" the game was over, and
couldn't really calculate the lines properly. Yes, I know, chess is cruel -
you can't relax when you are winning. And you shouldn't stop fighting when you
are losing. And even if you know it, you can't implement these principles in
most cases. But at least give it a try!}) 21. Nxh4 Bxh4 22. Qg4 Qc5+ {And here
I felt it was time for one final deep think. It took some time to calculate
and triple-check everything properly, but I managed the task.} 23. Kh2 $1 e5 (
23... Bg3+ 24. Qxg3 {is a cute double-pin!}) 24. Bxg6+ $1 {The only clear way!}
Kf6 25. Qxh4+ Kxg6 26. g3 $1 {It is much better to have this position with the
king on h2. Now the g-file opens up and Black gets mated.} 1-0

[Event "Solsona op 1st"]
[Site "Solsona"]
[Date "2003.08.22"]
[Round "9"]
[White "Tiviakov, Sergei"]
[Black "Almeida Quintana, Omar"]
[Result "1-0"]
[WhiteElo "2613"]
[BlackElo "2425"]
[Annotator "Tiviakov,S"]
[PlyCount "77"]
[EventDate "2003.08.15"]
[EventType "swiss"]
[EventRounds "9"]
[EventCountry "ESP"]
[SourceTitle "EXT 2005"]
[Source "ChessBase"]
[SourceDate "2004.11.15"]
[SourceVersion "1"]
[SourceVersionDate "2004.11.15"]
[SourceQuality "1"]

{[This game from the last round of the tournament in Solsona, is my best one.
During the whole tournament I didn't play convincingly, making too many draws.
I had to win that game in order to get a prize.]} 1. e4 e6 2. d4 d5 3. Nd2 Nf6
4. e5 Nfd7 5. c3 c5 6. Bd3 Nc6 7. Ne2 cxd4 8. cxd4 Qb6 9. Nf3 f6 10. exf6 Nxf6
11. O-O Bd6 12. b3 {[I play this variation often, having won several games
with it.]} O-O 13. Bb2 Ng4 $5 {[This move came as a complete surprise for me.
The main line goes 13...Bd7 14.Nc3, although Black has several other playable
options. White plan is quite simple: Nc3, Rc1, Re1, Na4, Nc5, Ne5.]} 14. Ng3
Qd8 {[Very interesting. Black is trying to prevent 15.h3? which is bad because
of 15...Nf2 16.Kf2 Qh4. At the same time he wants to transer the queen to f6
and, possible, to h6.]} 15. Re1 $1 {[Since 15.h3 is impossible, White has to
re-group the pieces diferently, he has to rid of the unpleasant knght on g4.]}
Bd7 16. Nf1 Bf4 $2 {[A serious mistake. 16...Qf6 was necessary, when after 17.
h3 Nh6 White is only slightly better, since the knight on h6 can later be
transferred to f7.]} 17. h3 Nf6 18. Ne5 {[White has realised its strategic aim,
having taken control over the square e5. He is better.]} Nxe5 {[After 18...Be5
19.de White has the advantage due to the pair of bishops.]} 19. dxe5 Ne4 $2 {
[Black decides to look for a counter-play sacrificing a pawn, although White
without much difficulties can neutralize the initiative. Passive 19...Ne8 was
necessary.]} 20. Bxe4 dxe4 21. Rxe4 Qe8 $6 {[Black has more chances to survive
in the ending after 21...Bc6. He can hope for the ending with the opposite
coloured bishops.]} 22. Bc1 $1 {[White is just in time to exchange the pair of
bishops.]} Bxc1 23. Rxc1 Bc6 24. Rg4 $1 {[It is important to protect the "g"
line from the possible attack to the White king.]} Rd8 25. Qe1 Rd5 26. Ne3 {
[Using a small trick, White wins a tempo. Now 26...Re5 27.Qc3 loses.]} Rd3 27.
Rc3 {[Eliminating the pair of rooks, White also has no more problems with his
king, forever. Meanwhile the black king on g8 becomes much weaker.]} Qd7 28.
Rxd3 Qxd3 29. Rc4 $1 {[At the moment the rook on g4 has nothing to do. White
re-group his pieces to get rid of the unpleasant queen on d3.]} Rd8 30. Qa5
Qb1+ {[After 30...a6 31.Qc7 White wins as well. Black has nothing better than
exchange the queens by 31...Qd7 with a lost ending.]} 31. Kh2 Rf8 32. Qd2 {
[Having sucessfully taken control of the open line "d" White prepares the
decisive invasion.]} Qa1 33. Qd6 Re8 34. Rg4 {[The pawn g7 and the weak Black
king become a target.]} Kh8 {[34...Qa2 loses after 35.Rg4 g6 36.Rf4.]} 35. Rf4
Kg8 (35... h6 {was better.}) 36. Ng4 Qf1 (36... h5 {loses after} 37. Nf6+ gxf6
38. exf6) 37. f3 Qc1 38. Nf6+ Kh8 39. Rc4 1-0

[Event "EU-chT (Men) 13th"]
[Site "Leon"]
[Date "2001.11.09"]
[Round "4.3"]
[White "Tiviakov, Sergei"]
[Black "Hertneck, Gerald"]
[Result "1-0"]
[WhiteElo "2599"]
[BlackElo "2570"]
[Annotator "Tiviakov,S"]
[PlyCount "41"]
[EventDate "2001.11.06"]
[EventType "team-swiss"]
[EventRounds "9"]
[EventCountry "ESP"]
[SourceTitle "CBM 086"]
[Source "ChessBase"]
[SourceDate "2002.02.05"]
[SourceVersion "1"]
[SourceVersionDate "2002.02.05"]
[SourceQuality "1"]
[WhiteTeam "Netherlands"]
[BlackTeam "Germany"]
[WhiteTeamCountry "NED"]
[BlackTeamCountry "GER"]

1. e4 e6 2. d4 d5 3. Nd2 Nf6 4. e5 Nfd7 5. c3 c5 6. Bd3 Nc6 7. Ne2 cxd4 8. cxd4
f6 9. exf6 Qxf6 $5 10. Nf3 h6 11. O-O Bd6 12. Ng3 O-O 13. Bc2 Rd8 14. Re1 Nf8
15. Ne5 Bxe5 $6 (15... Qh4 $142 16. f4 Bxe5 17. dxe5 $14 {1/2-1/2 Asrian,
K-Zhang Pengxiang/Yerevan 1999/CBM 72 ext (90)}) 16. dxe5 Qh4 (16... Nxe5 $4
17. Nh5 $18) 17. Nh5 $1 $146 (17. f4 $14 {- 15...Qh4 16.f4 Be5 17.de}) 17...
Rd7 (17... Bd7 18. Re3 $40 Be8 $140 19. Nxg7 $1 Kxg7 20. Rh3 Qxh3 (20... Qd4
21. Bxh6+ Kg8 (21... Kf7 22. Qf3+ $18) 22. Rg3+ $18) 21. gxh3 $18) (17... Qd4
$5 18. Bd2 $36 (18. Qe2 $36)) 18. Re3 (18. Nf4 $5 $36 {/\g3, h2-h4-h5}) 18...
Rf7 19. f4 Qd8 (19... Ne7 $4 {(/\Nf5)} 20. Rh3 $18) (19... Bd7 $5 20. Nf6+ $140
gxf6 21. Rh3 Qxh3 22. gxh3 f5 $1 $14 (22... fxe5 23. fxe5 Nxe5 24. Bxh6 $16)) (
19... Qe7 $5) 20. Rg3 Ne7 $4 (20... Kh8 21. Be3 $16 {^^ ->>>}) 21. Nf6+ (21.
Nf6+ Kh8 22. Qh5 $1 {(צf7)} Qb6+ (22... g6 23. Qxh6+ Nh7 24. Rh3) 23. Be3 (23.
Kh1 $18) 23... Qxb2 24. Qxf7 Qxa1+ 25. Kf2 $18) 1-0